| 000 | 01655cam a2200457Ia 4500 | ||
|---|---|---|---|
| 003 | BJBSDDR | ||
| 005 | 20260429154514.0 | ||
| 007 | ta | ||
| 008 | 260429s2024 nyu 000 1 eng d | ||
| 020 | _a9781785996245 | ||
| 020 | _a178599624X | ||
| 029 | 1 |
_aNLGGC _b296144045 |
|
| 035 | _a(OCoLC)ocm57995193 | ||
| 035 | _a(OCoLC)57995193 | ||
| 040 |
_aIUK _cIUK _beng |
||
| 041 | _aeng | ||
| 043 |
_an-usm-- _an-us-mo |
||
| 049 | _aGRAL | ||
| 050 | 1 | 4 | _bT969a 2024 |
| 082 | 0 | 0 | _a813.4 |
| 100 | 1 |
_aTwain, Mark, _d1835-1910 _927845 |
|
| 245 | 1 | 4 |
_aThe adventures of Huckleberry Finn / _cMark Twain. |
| 246 | 3 | 0 | _aHuckleberry Finn |
| 250 | _aHardcover edition | ||
| 260 |
_aLondon : _bArcturus, _c2024. |
||
| 300 |
_a318 pages ; _c20 cm. |
||
| 520 | _aPresents the adventures of a boy and a runaway slave as they travel down the Mississippi River on a raft. Universally acclaimed as one of the greatest creations of American fiction, Adventures of Huckleberry Finn is one of those few books that are read over and over again, with ever increasing enjoyment. | ||
| 650 | 0 |
_aFinn, Huckleberry (Fictitious character) _vFiction. |
|
| 650 | 4 |
_aNovela estadounidense _9203 |
|
| 650 | 4 |
_aNovela de aventuras _924918 |
|
| 650 | 4 |
_aFinn, Huckleberry (Personaje ficticio) _920079 |
|
| 650 | 0 |
_aBoys _xTravel _zMississippi River _vFiction. |
|
| 650 | 0 |
_aFugitive slaves _xTravel _zMississippi River _vFiction. |
|
| 650 | 0 |
_aBoys _zMissouri _vFiction. |
|
| 651 | 0 |
_aMississippi River _vFiction. |
|
| 651 | 0 |
_aMissouri _vFiction. |
|
| 655 | 7 |
_aAdventure fiction. _2gsafd |
|
| 655 | 7 |
_aBildungsromans. _2gsafd |
|
| 942 |
_2lcc _cBK |
||
| 946 | _irmza | ||
| 999 |
_c126961 _d126961 |
||